[Event "Campeonato España Sub 18"]
[Site "Salobreña"]
[Date "2017.08.02"]
[Round "4"]
[White "Perez Tores, Juan Miguel"]
[Black "Povill Claros, Xavier"]
[Result "1/2-1/2"]
[Board "4"]
[WhiteClock "1:29"]
[WhiteElo "2163"]
[WhiteCountry "ESP"]
[WhiteFideId "22247602"]
[WhiteEloChange "5"]
[BlackClock "1:30"]
[BlackTitle "FM"]
[BlackElo "2337"]
[BlackCountry "ESP"]
[BlackFideId "32040512"]
[BlackEloChange "-5"]

1. e4 {[%clk 1:29:00]} c6 {[%clk 1:30:00]} 2. Nf3 {[%clk 1:29:00]} d5 {[%clk
1:31:00]} 3. exd5 {[%clk 1:30:00]} cxd5 {[%clk 1:31:00]} 4. Ne5 {[%clk 1:30:00]}
Nf6 {[%clk 1:24:00]} 5. d4 {[%clk 1:30:00]} g6 {[%clk 1:19:00]} 6. c3 {[%clk
1:26:00]} Bg7 {[%clk 1:19:00]} 7. Nd2 {[%clk 1:24:00]} Bf5 {[%clk 1:06:00]} 8.
Bd3 {[%clk 1:20:00]} Bxd3 {[%clk 1:05:00]} 9. Nxd3 {[%clk 1:19:00]} Nc6 {[%clk
1:05:00]} 10. Nf3 {[%clk 1:15:00]} O-O {[%clk 1:04:00]} 11. Bf4 {[%clk 1:13:00]}
b6 {[%clk 0:58:00]} 12. Be5 {[%clk 1:10:00]} Nxe5 {[%clk 0:56:00]} 13. Nfxe5
{[%clk 1:09:00]} Qd6 {[%clk 0:55:00]} 14. O-O {[%clk 1:08:00]} Nd7 {[%clk
0:53:00]} 15. Nxd7 {[%clk 1:07:00]} Qxd7 {[%clk 0:53:00]} 16. Qb3 {[%clk
1:05:00]} Rfc8 {[%clk 0:50:00]} 17. Rfe1 {[%clk 1:03:00]} Rc6 {[%clk 0:49:00]}
18. Ne5 {[%clk 0:54:00]} Bxe5 {[%clk 0:49:00]} 19. dxe5 {[%clk 0:54:00]} Rac8
{[%clk 0:47:00]} 20. Qb5 {[%clk 0:53:00]} Qe6 {[%clk 0:43:00]} 21. Rad1 {[%clk
0:50:00]} Rc5 {[%clk 0:42:00]} 22. Qb3 {[%clk 0:48:00]} Qc6 {[%clk 0:38:00]} 23.
Rd4 {[%clk 0:45:00]} e6 {[%clk 0:35:00]} 24. g3 {[%clk 0:39:00]} b5 {[%clk
0:34:00]} 25. Rh4 {[%clk 0:31:00]} Rc4 {[%clk 0:25:00]} 26. Rxc4 {[%clk 0:23:00]}
bxc4 {[%clk 0:24:00]} 27. Qa3 {[%clk 0:23:00]} Qc7 {[%clk 0:23:00]} 28. Re3
{[%clk 0:23:00]} Rb8 {[%clk 0:19:59]} 29. b3 {[%clk 0:19:14]} cxb3 {[%clk
0:17:02]} 30. axb3 {[%clk 0:19:34]} Rb5 {[%clk 0:16:19]} 31. h4 {[%clk 0:08:06]}
h5 {[%clk 0:13:03]} 32. Kh2 {[%clk 0:06:09]} Qb7 {[%clk 0:08:28]} 33. b4 {[%clk
0:02:48]} d4 {[%clk 0:07:02]} 34. Rd3 {[%clk 0:01:32]} dxc3 {[%clk 0:05:06]} 35.
Qxc3 {[%clk 0:00:41]} Rxb4 {[%clk 0:05:18]} 36. Rd1 {[%clk 0:00:34]} Rb2 {[%clk
0:04:16]} 37. Qe3 {[%clk 0:00:37]} Qb6 {[%clk 0:03:35]} 38. Qxb6 {[%clk 0:00:50]}
axb6 {[%clk 0:03:42]} 39. Rd8+ {[%clk 0:01:00]} Kg7 {[%clk 0:04:06]} 40. Kg2
{[%clk 0:01:16]} Re2 {[%clk 0:03:36]} 41. Rb8 {[%clk 0:01:37]} Rxe5 {[%clk
0:04:05]} 42. Rxb6 {[%clk 0:02:03]} Kf6 {[%clk 0:04:31]} 43. Rb7 {[%clk 0:02:19]}
Ra5 {[%clk 0:04:56]} 44. Kf3 {[%clk 0:02:02]} Ra4 {[%clk 0:05:05]} 45. Ke3 {[%clk
0:02:13]} Ra3+ {[%clk 0:05:13]} 46. Ke2 {[%clk 0:02:36]} e5 {[%clk 0:05:38]} 47.
Rc7 {[%clk 0:02:38]} Ke6 {[%clk 0:05:53]} 48. Rc6+ {[%clk 0:03:02]} Kf5 {[%clk
0:06:16]} 49. Rc7 {[%clk 0:02:47]} f6 {[%clk 0:06:39]} 50. Rg7 {[%clk 0:02:45]}
Ra2+ {[%clk 0:06:18]} 51. Kf3 {[%clk 0:02:55]} e4+ {[%clk 0:05:21]} 52. Ke3
{[%clk 0:03:08]} Ra3+ {[%clk 0:05:04]} 53. Ke2 {[%clk 0:03:31]} Ra2+ {[%clk
0:05:33]} 54. Ke3 {[%clk 0:03:56]} Rb2 {[%clk 0:06:00]} 55. Rg8 {[%clk 0:04:09]}
Rb3+ {[%clk 0:05:38]} 56. Ke2 {[%clk 0:04:32]} Rf3 {[%clk 0:05:48]} 57. Rg7
{[%clk 0:04:45]} Rc3 {[%clk 0:04:19]} 58. Rg8 {[%clk 0:05:10]} Rc6 {[%clk
0:04:19]} 59. Ke3 {[%clk 0:05:10]} Re6 {[%clk 0:04:41]} 60. Ke2 {[%clk 0:05:09]}
Ra6 {[%clk 0:04:27]} 61. Ke3 {[%clk 0:05:32]} Ra3+ {[%clk 0:04:13]} 62. Ke2
{[%clk 0:05:53]} Ra7 {[%clk 0:04:40]} 63. Ke3 {[%clk 0:05:48]} Ra6 {[%clk
0:05:06]} 64. Ke2 {[%clk 0:05:59]} g5 {[%clk 0:04:39]} 65. hxg5 {[%clk 0:06:20]}
fxg5 {[%clk 0:05:13]} 66. Rh8 {[%clk 0:06:02]} Ra2+ {[%clk 0:05:10]} 67. Ke3
{[%clk 0:06:14]} Ra3+ {[%clk 0:05:31]} 68. Ke2 {[%clk 0:06:31]} Kg4 {[%clk
0:01:23]} 69. Rg8 {[%clk 0:04:56]} Rb3 {[%clk 0:00:53]} 70. Rg7 {[%clk 0:04:20]}
Rc3 {[%clk 0:01:19]} 71. Rg8 {[%clk 0:04:38]} Ra3 {[%clk 0:01:44]} 72. Rg7 {[%clk
0:04:53]} e3 {[%clk 0:00:46]} 73. f3+ {[%clk 0:04:44]} Kxg3 {[%clk 0:05:09]} 74.
Rxg5+ {[%clk 0:04:44]} Kf4 {[%clk 0:05:09]} 75. Rxh5 {[%clk 0:04:44]} Ra2+ {[%clk
0:05:09]} 76. Ke1 {[%clk 0:04:44]} Kxf3 {[%clk 0:05:09]} 77. Rf5+ {[%clk
0:04:44]} Ke4 {[%clk 0:05:09]} 78. Rf8 {[%clk 0:04:44]} Ra4 {[%clk 0:05:09]} 79.
Ke2 {[%clk 0:04:44]} Ra2+ {[%clk 0:05:09]} 80. Ke1 {[%clk 0:04:44]} Ra5 {[%clk
0:05:09]} 81. Re8+ {[%clk 0:04:44]} Re5 {[%clk 0:05:09]} 82. Rxe5+ {[%clk
0:04:44]} Kxe5 {[%clk 0:05:09]} 83. Ke2 {[%clk 0:04:44]} Kd4 {[%clk 0:05:09]} 84.
Ke1 {[%clk 0:04:44]} Kd3 {[%clk 0:05:09]} 85. Kd1 {[%clk 0:04:44]} e2+ {[%clk
0:05:09]} 86. Ke1 {[%clk 0:04:44]} Ke3 {[%clk 0:05:09]} 1/2-1/2

[Event "Campeonato España Sub 18"]
[Site "Salobreña"]
[Date "2017.08.02"]
[Round "4"]
[White "Plazuelo Pascual, Juan"]
[Black "Goni Navarro, Pablo"]
[Result "1/2-1/2"]
[Board "5"]
[WhiteClock "1:30"]
[WhiteTitle "FM"]
[WhiteElo "2334"]
[WhiteCountry "ESP"]
[WhiteFideId "32059566"]
[WhiteEloChange "-4"]
[BlackClock "1:30"]
[BlackElo "2197"]
[BlackCountry "ESP"]
[BlackFideId "22295720"]
[BlackEloChange "4"]

1. d4 {[%clk 1:30:00]} d5 {[%clk 1:30:00]} 2. c4 {[%clk 1:31:00]} e6 {[%clk
1:31:00]} 3. Nc3 {[%clk 1:31:00]} c6 {[%clk 1:31:00]} 4. e4 {[%clk 1:31:00]} dxe4
{[%clk 1:30:00]} 5. Nxe4 {[%clk 1:32:00]} Bb4+ {[%clk 1:30:00]} 6. Nc3 {[%clk
1:32:00]} Nf6 {[%clk 1:25:00]} 7. a3 {[%clk 1:32:00]} Be7 {[%clk 1:19:00]} 8. Nf3
{[%clk 1:32:00]} O-O {[%clk 1:18:00]} 9. Bd3 {[%clk 1:31:00]} b6 {[%clk 1:12:00]}
10. O-O {[%clk 1:29:00]} Bb7 {[%clk 1:11:00]} 11. Bf4 {[%clk 1:26:00]} Nbd7
{[%clk 1:02:00]} 12. Re1 {[%clk 1:26:00]} Re8 {[%clk 1:01:00]} 13. Qc2 {[%clk
1:14:00]} Nf8 {[%clk 0:53:00]} 14. Rad1 {[%clk 1:10:00]} Bd6 {[%clk 0:46:00]} 15.
Bxd6 {[%clk 1:04:00]} Qxd6 {[%clk 0:46:00]} 16. Ne4 {[%clk 1:03:00]} Nxe4 {[%clk
0:41:00]} 17. Bxe4 {[%clk 1:04:00]} h6 {[%clk 0:37:00]} 18. Ne5 {[%clk 0:58:00]}
Rac8 {[%clk 0:31:00]} 19. c5 {[%clk 0:55:00]} Qc7 {[%clk 0:30:00]} 20. Nc4 {[%clk
0:55:00]} Red8 {[%clk 0:27:00]} 21. b4 {[%clk 0:54:00]} Rb8 {[%clk 0:25:00]} 22.
Nd6 {[%clk 0:53:00]} Nd7 {[%clk 0:24:00]} 23. Re3 {[%clk 0:29:00]} Nf6 {[%clk
0:23:00]} 24. Rc3 {[%clk 0:24:00]} a5 {[%clk 0:17:41]} 25. Bf3 {[%clk 0:22:00]}
Ba6 {[%clk 0:16:15]} 26. Qa4 {[%clk 0:18:06]} bxc5 {[%clk 0:14:09]} 27. bxc5
{[%clk 0:16:50]} Bb5 {[%clk 0:13:17]} 28. Qc2 {[%clk 0:17:10]} Ne8 {[%clk
0:08:14]} 29. Nxe8 {[%clk 0:15:58]} Rxe8 {[%clk 0:08:35]} 30. a4 {[%clk 0:16:22]}
Ba6 {[%clk 0:09:05]} 31. Qe4 {[%clk 0:12:19]} Rec8 {[%clk 0:09:20]} 32. Rb1
{[%clk 0:11:49]} Rb4 {[%clk 0:06:38]} 33. Rxb4 {[%clk 0:09:47]} axb4 {[%clk
0:06:38]} 34. Rb3 {[%clk 0:09:47]} Qb7 {[%clk 0:06:38]} 1/2-1/2

[Event "Campeonato España Sub 18"]
[Site "Salobreña"]
[Date "2017.08.02"]
[Round "4"]
[White "Martinez Pla, Xavier"]
[Black "Lopez Mulet, Inigo"]
[Result "0-1"]
[Board "6"]
[WhiteClock "n/a"]
[WhiteElo "2166"]
[WhiteCountry "ESP"]
[WhiteFideId "32074271"]
[WhiteEloChange "-6"]
[BlackClock "n/a"]
[BlackTitle "FM"]
[BlackElo "2327"]
[BlackCountry "ESP"]
[BlackFideId "22235620"]
[BlackEloChange "6"]

1. e4 {[%clk 1:30:30]} e6 {[%clk 1:30:30]} 2. d4 {[%clk 1:30:30]} d5 {[%clk
1:30:30]} 3. Nc3 {[%clk 1:30:30]} Nf6 {[%clk 1:30:30]} 4. e5 {[%clk 1:30:30]}
Nfd7 {[%clk 1:30:30]} 5. f4 {[%clk 1:30:30]} c5 {[%clk 1:30:30]} 6. Nf3 {[%clk
1:30:30]} Nc6 {[%clk 1:30:30]} 7. Be3 {[%clk 1:30:30]} Be7 {[%clk 1:30:30]} 8.
Qd2 {[%clk 1:30:30]} O-O {[%clk 1:30:30]} 9. dxc5 {[%clk 1:30:30]} Nxc5 {[%clk
1:30:30]} 10. O-O-O {[%clk 1:30:30]} a6 {[%clk 1:30:30]} 11. Qf2 {[%clk 1:30:30]}
b6 {[%clk 1:30:30]} 12. Kb1 {[%clk 1:30:30]} Qc7 {[%clk 1:30:30]} 13. Qg3 {[%clk
1:30:30]} f5 {[%clk 1:30:30]} 14. Qh3 {[%clk 1:30:30]} Ne4 {[%clk 1:30:30]} 15.
Ne2 {[%clk 1:30:30]} a5 {[%clk 1:30:30]} 16. g4 {[%clk 1:30:30]} a4 {[%clk
1:30:30]} 17. a3 {[%clk 1:30:30]} b5 {[%clk 1:30:30]} 18. gxf5 {[%clk 1:30:30]}
b4 {[%clk 1:30:30]} 19. f6 {[%clk 1:30:30]} bxa3 {[%clk 1:30:30]} 20. Rg1 {[%clk
1:30:30]} Rxf6 {[%clk 1:30:30]} 21. exf6 {[%clk 1:30:30]} Bxf6 {[%clk 1:30:30]}
22. Ng5 {[%clk 1:30:30]} Bxg5 {[%clk 1:30:30]} 23. fxg5 {[%clk 1:30:30]} Nb4
{[%clk 1:30:30]} 24. c3 {[%clk 1:30:30]} a2+ {[%clk 1:30:30]} 25. Ka1 {[%clk
1:30:30]} Nc2+ {[%clk 1:30:30]} 26. Kxa2 {[%clk 1:30:30]} a3 {[%clk 1:30:30]} 27.
b3 {[%clk 1:30:30]} Nxc3+ {[%clk 1:30:30]} 28. Nxc3 {[%clk 1:30:30]} Qxc3 {[%clk
1:30:30]} 29. Bd4 {[%clk 1:30:30]} Nb4+ {[%clk 1:30:30]} 0-1

[Event "Campeonato España Sub 18"]
[Site "Salobreña"]
[Date "2017.08.02"]
[Round "4"]
[White "Domingo Nunez, Alejandro"]
[Black "Lacruz Algarate, Alvaro"]
[Result "1-0"]
[Board "7"]
[WhiteClock "1:30"]
[WhiteTitle "FM"]
[WhiteElo "2287"]
[WhiteCountry "ESP"]
[WhiteFideId "22245561"]
[WhiteEloChange "7"]
[BlackClock "1:30"]
[BlackElo "2186"]
[BlackCountry "ESP"]
[BlackFideId "32025335"]
[BlackEloChange "-7"]

1. e4 {[%clk 1:30:00]} c5 {[%clk 1:30:00]} 2. Nf3 {[%clk 1:29:00]} e6 {[%clk
1:30:00]} 3. b3 {[%clk 1:29:00]} d6 {[%clk 1:24:00]} 4. Bb2 {[%clk 1:30:00]} Nd7
{[%clk 1:24:00]} 5. g3 {[%clk 1:18:00]} Ngf6 {[%clk 1:21:00]} 6. Nc3 {[%clk
1:18:00]} b6 {[%clk 1:20:00]} 7. Qe2 {[%clk 1:16:00]} Bb7 {[%clk 1:20:00]} 8.
O-O-O {[%clk 1:15:00]} Rc8 {[%clk 1:16:00]} 9. Kb1 {[%clk 1:14:00]} a6 {[%clk
1:15:00]} 10. d4 {[%clk 0:50:00]} cxd4 {[%clk 1:10:00]} 11. Nxd4 {[%clk 0:50:00]}
Rxc3 {[%clk 0:47:00]} 12. Bxc3 {[%clk 0:50:00]} Nxe4 {[%clk 0:48:00]} 13. Bb2
{[%clk 0:51:00]} Nxf2 {[%clk 0:48:00]} 14. Qxf2 {[%clk 0:50:00]} Bxh1 {[%clk
0:49:00]} 15. Bxa6 {[%clk 0:41:00]} Be4 {[%clk 0:46:00]} 16. Qf4 {[%clk 0:41:00]}
Bg6 {[%clk 0:39:00]} 17. Nb5 {[%clk 0:34:00]} e5 {[%clk 0:37:00]} 18. Qa4 {[%clk
0:34:00]} Bf5 {[%clk 0:34:00]} 19. Ba3 {[%clk 0:32:00]} f6 {[%clk 0:29:00]} 20.
Nxd6+ {[%clk 0:19:51]} Bxd6 {[%clk 0:29:00]} 21. Rxd6 {[%clk 0:16:49]} O-O {[%clk
0:24:00]} 22. Bb5 {[%clk 0:15:26]} Qc7 {[%clk 0:17:38]} 23. Rc6 {[%clk 0:13:04]}
Qb7 {[%clk 0:17:48]} 24. Qc4+ {[%clk 0:10:37]} Kh8 {[%clk 0:17:41]} 25. Bxf8
{[%clk 0:10:32]} Nxf8 {[%clk 0:18:05]} 26. g4 {[%clk 0:09:46]} Bd7 {[%clk
0:17:26]} 27. Qf7 {[%clk 0:08:52]} Ng6 {[%clk 0:17:13]} 28. Rd6 {[%clk 0:08:52]}
1-0

[Event "Campeonato España Sub 18"]
[Site "Salobreña"]
[Date "2017.08.02"]
[Round "4"]
[White "Garcia Sobrino, David"]
[Black "Orteu Capdevila, Max"]
[Result "1/2-1/2"]
[Board "8"]
[WhiteClock "1:30"]
[WhiteTitle "FM"]
[WhiteElo "2223"]
[WhiteCountry "ESP"]
[WhiteFideId "32028407"]
[WhiteEloChange "-2"]
[BlackClock "1:30"]
[BlackElo "2161"]
[BlackCountry "ESP"]
[BlackFideId "32075359"]
[BlackEloChange "2"]

1. e4 {[%clk 1:30:00]} c5 {[%clk 1:26:00]} 2. Nf3 {[%clk 1:30:00]} d6 {[%clk
1:25:00]} 3. d4 {[%clk 1:31:00]} cxd4 {[%clk 1:26:00]} 4. Nxd4 {[%clk 1:31:00]}
Nf6 {[%clk 1:26:00]} 5. Nc3 {[%clk 1:32:00]} a6 {[%clk 1:27:00]} 6. a4 {[%clk
1:32:00]} e6 {[%clk 1:27:00]} 7. Be2 {[%clk 1:32:00]} Be7 {[%clk 1:27:00]} 8. O-O
{[%clk 1:32:00]} Qc7 {[%clk 1:27:00]} 9. f4 {[%clk 1:31:00]} O-O {[%clk 1:19:00]}
10. Kh1 {[%clk 1:30:00]} b6 {[%clk 1:19:00]} 11. Bf3 {[%clk 1:29:00]} Bb7 {[%clk
1:19:00]} 12. e5 {[%clk 1:29:00]} dxe5 {[%clk 1:17:00]} 13. fxe5 {[%clk 1:29:00]}
Nfd7 {[%clk 1:18:00]} 14. Bxb7 {[%clk 1:29:00]} Qxb7 {[%clk 1:18:00]} 15. Bf4
{[%clk 1:29:00]} Nc6 {[%clk 0:56:00]} 16. Qf3 {[%clk 1:29:00]} Rac8 {[%clk
0:56:00]} 17. Rad1 {[%clk 1:26:00]} Nc5 {[%clk 0:55:00]} 18. Nxc6 {[%clk
1:06:00]} Qxc6 {[%clk 0:44:00]} 19. Qxc6 {[%clk 0:55:00]} Rxc6 {[%clk 0:44:00]}
20. b4 {[%clk 0:46:00]} g5 {[%clk 0:28:00]} 21. Bg3 {[%clk 0:26:00]} Nb3 {[%clk
0:24:00]} 22. Rf3 {[%clk 0:21:00]} g4 {[%clk 0:23:00]} 23. Rfd3 {[%clk 0:12:17]}
Nd4 {[%clk 0:23:00]} 24. Rxd4 {[%clk 0:10:10]} Rxc3 {[%clk 0:24:00]} 25. Rxg4+
{[%clk 0:10:25]} Kh8 {[%clk 0:24:00]} 26. Bf2 {[%clk 0:05:59]} b5 {[%clk
0:22:00]} 27. axb5 {[%clk 0:05:29]} axb5 {[%clk 0:22:00]} 28. h3 {[%clk 0:05:00]}
Rxc2 {[%clk 0:22:00]} 29. Be3 {[%clk 0:05:09]} Rg8 {[%clk 0:13:50]} 30. Rxg8+
{[%clk 0:03:18]} Kxg8 {[%clk 0:14:19]} 31. Bh6 {[%clk 0:03:05]} f5 {[%clk
0:12:46]} 32. Rd7 {[%clk 0:02:16]} Bxb4 {[%clk 0:12:27]} 33. Rg7+ {[%clk
0:02:13]} Kh8 {[%clk 0:12:26]} 34. Rb7 {[%clk 0:01:58]} Rc8 {[%clk 0:11:14]} 35.
Rxb5 {[%clk 0:01:28]} Bf8 {[%clk 0:11:05]} 36. Bxf8 {[%clk 0:01:28]} 1/2-1/2

[Event "Campeonato España Sub 18"]
[Site "Salobreña"]
[Date "2017.08.02"]
[Round "4"]
[White "Serra Canals, Oriol"]
[Black "Garcia Martin, Marta"]
[Result "1-0"]
[Board "9"]
[WhiteClock "1:24"]
[WhiteElo "2105"]
[WhiteCountry "ESP"]
[WhiteFideId "22276084"]
[WhiteEloChange "17"]
[BlackClock "1:30"]
[BlackTitle "FM"]
[BlackElo "2435"]
[BlackCountry "ESP"]
[BlackFideId "32084030"]
[BlackEloChange "-9"]

1. d4 {[%clk 1:25:00]} Nf6 {[%clk 1:30:00]} 2. c4 {[%clk 1:25:00]} e6 {[%clk
1:31:00]} 3. Nf3 {[%clk 1:25:00]} d5 {[%clk 1:31:00]} 4. Nc3 {[%clk 1:26:00]} a6
{[%clk 1:31:00]} 5. Bg5 {[%clk 1:24:00]} dxc4 {[%clk 1:31:00]} 6. e4 {[%clk
1:16:00]} b5 {[%clk 1:31:00]} 7. e5 {[%clk 1:11:00]} h6 {[%clk 1:31:00]} 8. Bh4
{[%clk 1:12:00]} g5 {[%clk 1:31:00]} 9. Bg3 {[%clk 1:12:00]} Nd5 {[%clk 0:58:00]}
10. h4 {[%clk 1:11:00]} Bb4 {[%clk 0:57:00]} 11. Rc1 {[%clk 1:11:00]} g4 {[%clk
0:57:00]} 12. Nd2 {[%clk 1:11:00]} h5 {[%clk 0:57:00]} 13. Be2 {[%clk 1:02:00]}
Bb7 {[%clk 0:51:00]} 14. O-O {[%clk 0:59:00]} Be7 {[%clk 0:36:00]} 15. Nce4
{[%clk 0:41:00]} Nb4 {[%clk 0:26:00]} 16. a3 {[%clk 0:28:00]} N4c6 {[%clk
0:23:00]} 17. b3 {[%clk 0:24:00]} Qxd4 {[%clk 0:23:00]} 18. bxc4 {[%clk 0:21:00]}
Nxe5 {[%clk 0:23:00]} 19. cxb5 {[%clk 0:21:00]} f5 {[%clk 0:10:30]} 20. Rxc7
{[%clk 0:20:00]} Bd5 {[%clk 0:10:36]} 21. Rc8+ {[%clk 0:19:41]} Bd8 {[%clk
0:04:43]} 22. Nf6+ {[%clk 0:20:00]} Kf7 {[%clk 0:04:29]} 23. Nxd5 {[%clk
0:20:00]} Qxd5 {[%clk 0:03:49]} 24. Nc4 {[%clk 0:15:36]} Nxc4 {[%clk 0:01:12]}
25. Bxc4 {[%clk 0:16:00]} Qxd1 {[%clk 0:00:56]} 26. Rxd1 {[%clk 0:16:25]} axb5
{[%clk 0:00:41]} 27. Bxb5 {[%clk 0:16:25]} 1-0

[Event "Campeonato España Sub 18"]
[Site "Salobreña"]
[Date "2017.08.02"]
[Round "4"]
[White "Portela Peleteiro, Alberto"]
[Black "Ortin Blanco, Inigo"]
[Result "1-0"]
[Board "10"]
[WhiteClock "n/a"]
[WhiteTitle "FM"]
[WhiteElo "2398"]
[WhiteCountry "ESP"]
[WhiteFideId "22276106"]
[WhiteEloChange "3"]
[BlackClock "n/a"]
[BlackElo "2090"]
[BlackCountry "ESP"]
[BlackFideId "32010125"]
[BlackEloChange "-3"]

1. e4 {[%clk 1:30:30]} c5 {[%clk 1:30:30]} 2. Nf3 {[%clk 1:30:30]} Nc6 {[%clk
1:30:30]} 3. Nc3 {[%clk 1:30:30]} d6 {[%clk 1:30:30]} 4. d4 {[%clk 1:30:30]} cxd4
{[%clk 1:30:30]} 5. Nxd4 {[%clk 1:30:30]} Nf6 {[%clk 1:30:30]} 6. Bg5 {[%clk
1:30:30]} e6 {[%clk 1:30:30]} 7. Qd2 {[%clk 1:30:30]} a6 {[%clk 1:30:30]} 8.
O-O-O {[%clk 1:30:30]} Nxd4 {[%clk 1:30:30]} 9. Qxd4 {[%clk 1:30:30]} Be7 {[%clk
1:30:30]} 10. f4 {[%clk 1:30:30]} b5 {[%clk 1:30:30]} 11. Bxf6 {[%clk 1:30:30]}
gxf6 {[%clk 1:30:30]} 12. e5 {[%clk 1:30:30]} d5 {[%clk 1:30:30]} 13. Kb1 {[%clk
1:30:30]} Bb7 {[%clk 1:30:30]} 14. f5 {[%clk 1:30:30]} fxe5 {[%clk 1:30:30]} 15.
Qxe5 {[%clk 1:30:30]} Bf6 {[%clk 1:30:30]} 16. Qg3 {[%clk 1:30:30]} Qe7 {[%clk
1:30:30]} 17. fxe6 {[%clk 1:30:30]} fxe6 {[%clk 1:30:30]} 18. Be2 {[%clk
1:30:30]} h5 {[%clk 1:30:30]} 19. Rhf1 {[%clk 1:30:30]} O-O-O {[%clk 1:30:30]}
20. Bd3 {[%clk 1:30:30]} Bxc3 {[%clk 1:30:30]} 21. bxc3 {[%clk 1:30:30]} Qc7
{[%clk 1:30:30]} 22. Qxc7+ {[%clk 1:30:30]} Kxc7 {[%clk 1:30:30]} 23. Rf7+ {[%clk
1:30:30]} Rd7 {[%clk 1:30:30]} 24. Rdf1 {[%clk 1:30:30]} Bc6 {[%clk 1:30:30]} 25.
g3 {[%clk 1:30:30]} Kd6 {[%clk 1:30:30]} 26. Rf8 {[%clk 1:30:30]} Rh6 {[%clk
1:30:30]} 27. R1f6 {[%clk 1:30:30]} Rxf6 {[%clk 1:30:30]} 28. Rxf6 {[%clk
1:30:30]} Rg7 {[%clk 1:30:30]} 29. Rh6 {[%clk 1:30:30]} Be8 {[%clk 1:30:30]} 30.
Kc1 {[%clk 1:30:30]} Bf7 {[%clk 1:30:30]} 31. Be2 {[%clk 1:30:30]} Rg5 {[%clk
1:30:30]} 32. Rh8 {[%clk 1:30:30]} Rf5 {[%clk 1:30:30]} 33. h4 {[%clk 1:30:30]}
Rf2 {[%clk 1:30:30]} 34. Bxh5 {[%clk 1:30:30]} Bxh5 {[%clk 1:30:30]} 35. Rxh5
{[%clk 1:30:30]} Rf3 {[%clk 1:30:30]} 36. Rg5 {[%clk 1:30:30]} Rxc3 {[%clk
1:30:30]} 37. h5 {[%clk 1:30:30]} Rf3 {[%clk 1:30:30]} 38. Rg6 {[%clk 1:30:30]}
Rf1+ {[%clk 1:30:30]} 39. Kd2 {[%clk 1:30:30]} Rh1 {[%clk 1:30:30]} 40. g4 {[%clk
1:30:30]} Ke5 {[%clk 1:30:30]} 41. h6 {[%clk 1:30:30]} a5 {[%clk 1:30:30]} 42. g5
{[%clk 1:30:30]} b4 {[%clk 1:30:30]} 43. Rg7 {[%clk 1:30:30]} Kd4 {[%clk
1:30:30]} 44. h7 {[%clk 1:30:30]} Rh2+ {[%clk 1:30:30]} 45. Kc1 {[%clk 1:30:30]}
a4 {[%clk 1:30:30]} 46. g6 {[%clk 1:30:30]} a3 {[%clk 1:30:30]} 47. Rf7 {[%clk
1:30:30]} Rh1+ {[%clk 1:30:30]} 48. Kd2 {[%clk 1:30:30]} Rh2+ {[%clk 1:30:30]}
49. Kd1 {[%clk 1:30:30]} Ke3 {[%clk 1:30:30]} 50. Rf1 {[%clk 1:30:30]} b3 {[%clk
1:30:30]} 51. cxb3 {[%clk 1:30:30]} Kd3 {[%clk 1:30:30]} 52. Rf3+ {[%clk
1:30:30]} Ke4 {[%clk 1:30:30]} 53. Rg3 {[%clk 1:30:30]} d4 {[%clk 1:30:30]} 54.
g7 {[%clk 1:30:30]} 1-0

[Event "Campeonato España Sub 18"]
[Site "Salobreña"]
[Date "2017.08.02"]
[Round "4"]
[White "Lianes Garcia, Marcos"]
[Black "Atienza Alvarez, Javier"]
[Result "1-0"]
[Board "11"]
[WhiteClock "1:30"]
[WhiteTitle "FM"]
[WhiteElo "2352"]
[WhiteCountry "ESP"]
[WhiteFideId "32060777"]
[WhiteEloChange "3"]
[BlackClock "1:30"]
[BlackElo "2067"]
[BlackCountry "ESP"]
[BlackFideId "24511668"]
[BlackEloChange "-3"]

1. e4 {[%clk 1:30:00]} e6 {[%clk 1:30:00]} 2. d4 {[%clk 1:30:00]} d5 {[%clk
1:31:00]} 3. Nd2 {[%clk 1:31:00]} c5 {[%clk 1:31:00]} 4. exd5 {[%clk 1:31:00]}
Qxd5 {[%clk 1:32:00]} 5. Ngf3 {[%clk 1:31:00]} cxd4 {[%clk 1:31:00]} 6. Bc4
{[%clk 1:31:00]} Qd6 {[%clk 1:32:00]} 7. O-O {[%clk 1:32:00]} Nf6 {[%clk
1:32:00]} 8. Nb3 {[%clk 1:33:00]} Nc6 {[%clk 1:32:00]} 9. Nbxd4 {[%clk 1:33:00]}
Nxd4 {[%clk 1:33:00]} 10. Nxd4 {[%clk 1:33:00]} a6 {[%clk 1:34:00]} 11. c3 {[%clk
1:32:00]} Qc7 {[%clk 1:33:00]} 12. Bb3 {[%clk 1:23:00]} Bd7 {[%clk 1:29:00]} 13.
Qf3 {[%clk 1:21:00]} Bd6 {[%clk 1:17:00]} 14. h3 {[%clk 1:12:00]} h6 {[%clk
1:07:00]} 15. a4 {[%clk 1:08:00]} O-O-O {[%clk 0:59:00]} 16. a5 {[%clk 1:02:00]}
e5 {[%clk 0:41:00]} 17. Nf5 {[%clk 0:54:00]} Bc6 {[%clk 0:39:00]} 18. Nxd6+
{[%clk 0:36:00]} Qxd6 {[%clk 0:39:00]} 19. Qf5+ {[%clk 0:34:00]} Bd7 {[%clk
0:17:50]} 20. Qc2 {[%clk 0:27:00]} Qe7 {[%clk 0:16:17]} 21. Re1 {[%clk 0:25:00]}
Bc6 {[%clk 0:13:10]} 22. Qf5+ {[%clk 0:22:00]} Nd7 {[%clk 0:10:50]} 23. Qxf7
{[%clk 0:20:00]} Qh4 {[%clk 0:10:00]} 24. Qc4 {[%clk 0:20:00]} e4 {[%clk
0:08:44]} 25. Ba4 {[%clk 0:17:39]} Rhf8 {[%clk 0:07:07]} 26. Re2 {[%clk 0:09:31]}
Nf6 {[%clk 0:06:02]} 27. Be3 {[%clk 0:09:08]} Rd6 {[%clk 0:05:00]} 28. Bc5 {[%clk
0:08:58]} Bb5 {[%clk 0:03:22]} 29. Bxb5 {[%clk 0:08:05]} axb5 {[%clk 0:03:50]}
30. Qxb5 {[%clk 0:08:17]} Rd5 {[%clk 0:04:07]} 31. a6 {[%clk 0:08:09]} bxa6
{[%clk 0:03:04]} 32. Qxa6+ {[%clk 0:07:36]} Kd7 {[%clk 0:02:48]} 33. Qb7+ {[%clk
0:07:36]} Ke6 {[%clk 0:03:05]} 34. Bxf8 {[%clk 0:06:50]} Kf5 {[%clk 0:02:02]} 35.
Bxg7 {[%clk 0:06:50]} 1-0